[Event "CZE-chT2F 1920"]
[Site "Czech Republic"]
[Date "2019.11.03"]
[Round "2.4"]
[White "Orzechowski, Jacek"]
[Black "Stukner, Simon"]
[Result "1/2-1/2"]
[WhiteElo "2155"]
[BlackElo "2166"]
[PlyCount "44"]
[EventDate "2019.10.13"]
[EventType "team-tourn"]
[EventRounds "11"]
[EventCountry "CZE"]
[SourceTitle "EXT 2024"]
[Source "ChessBase"]
[SourceDate "2023.10.10"]
[SourceVersion "1"]
[SourceVersionDate "2023.10.10"]
[SourceQuality "1"]
[WhiteTeam "Ostrava Labortech II"]
[BlackTeam "Poruba Slavoj III"]
[WhiteTeamCountry "CZE"]
[BlackTeamCountry "CZE"]

1. c4 e5 2. Nc3 Nf6 3. Nf3 Nc6 4. d3 Bc5 5. e3 d5 6. cxd5 Nxd5 7. Be2 0-0 8. 0-0 h6 9. Qc2 Nxc3 10. bxc3 Rb8 11. d4 Bd6 12. d5 Ne7 13. c4 b6 14. Bb2 Ng6 15. Bd3 f5 16. e4 f4 17. a4 Nh4 18. Be2 Nxf3+ 19. Bxf3 g5 20. Qe2 Qe7 21. g4 a5 22. h3 Bd7 1/2-1/2

[Event "CZE-chT1E 1718"]
[Site "Czech Republic"]
[Date "2017.11.26"]
[Round "3.6"]
[White "Stukner, Simon"]
[Black "Pacl, Vaclav"]
[Result "1/2-1/2"]
[WhiteElo "2168"]
[BlackElo "2118"]
[PlyCount "48"]
[EventDate "2017.10.22"]
[EventType "team-tourn"]
[EventRounds "11"]
[EventCountry "CZE"]
[SourceTitle "EXT 2019"]
[Source "ChessBase"]
[SourceDate "2018.10.10"]
[SourceVersion "1"]
[SourceVersionDate "2018.10.10"]
[SourceQuality "1"]
[WhiteTeam "Frydek Mistek II"]
[BlackTeam "Ostrava"]
[WhiteTeamCountry "CZE"]
[BlackTeamCountry "CZE"]

1. c4 c6 2. Nf3 d5 3. e3 Nf6 4. Nc3 g6 5. Be2 Bg7 6. 0-0 0-0 7. d4 a6 8. cxd5 cxd5 9. Bd2 Nc6 10. Rc1 Qd6 11. Na4 Ne4 12. Qb3 Nxd2 13. Nxd2 e5 14. dxe5 Nxe5 15. Nb6 Rb8 16. Nf3 Be6 17. Nd4 Nd7 18. Nxe6 fxe6 19. Nxd7 Qxd7 20. Rc2 Be5 21. Rfc1 Rf7 22. Bg4 Rbf8 23. Qb6 Re7 24. b3 Qd6 1/2-1/2

[Event "CZE-chT2F 1516"]
[Site "Czech Republic"]
[Date "2016.04.17"]
[Round "11.15"]
[White "Stukner, Simon"]
[Black "Kolar, Stanislav"]
[Result "1-0"]
[WhiteElo "2132"]
[BlackElo "2080"]
[PlyCount "139"]
[EventDate "2015.10.18"]
[EventType "team-tourn"]
[EventRounds "11"]
[EventCountry "CZE"]
[SourceTitle "EXT 2022"]
[Source "ChessBase"]
[SourceDate "2021.10.06"]
[SourceVersion "1"]
[SourceVersionDate "2021.10.06"]
[SourceQuality "1"]
[WhiteTeam "Poruba Slavoj II"]
[BlackTeam "Havirov Banik"]
[WhiteTeamCountry "CZE"]
[BlackTeamCountry "CZE"]

1. Nf3 Nf6 2. b3 d6 3. d4 Bg4 4. c4 Nbd7 5. Nc3 c6 6. Qc2 e5 7. e3 Be7 8. Be2 0-0 9. 0-0 Re8 10. Rd1 Qc7 11. Bb2 h6 12. Rac1 a6 13. a3 Bf8 14. Nh4 Bxe2 15. Nxe2 e4 16. Nf5 g6 17. Nfg3 Re7 18. Nc3 Rae8 19. b4 h5 20. h3 h4 21. Nf1 Nh5 22. Ne2 Bh6 23. d5 c5 24. Rb1 Bg7 25. bxc5 Nxc5 26. Bd4 Bxd4 27. Nxd4 Nf6 28. Qe2 Re5 29. Nd2 Qd7 30. N4b3 Rg5 31. Kh1 Nd3 32. Nxe4 Nxe4 33. Rxd3 Qf5 34. Rf1 Qf6 35. Nd4 Nc5 36. Rdd1 Rge5 37. Qf3 Qg7 38. Rb1 R8e7 39. Rb6 Ne4 40. Re1 Qh6 41. Kg1 Qg5 42. Qf4 Qh5 43. Nf3 Rf5 44. Qxh4 Qxh4 45. Nxh4 Rxf2 46. Rxd6 Rd2 47. Rd8+ Kg7 48. Rb1 Nc3 49. d6 Rxd6 50. Rxb7 Rd1+ 51. Rxd1 Rxb7 52. Rd6 a5 53. Ra6 a4 54. c5 Rb1+ 55. Kh2 Re1 56. c6 Rc1 57. Nf3 Nb5 58. Nd4 Nxd4 59. exd4 Kf6 60. d5 Ke5 61. Ra5 Kd6 62. Kg3 Rc3+ 63. Kf4 f6 64. Ke4 Rc2 65. Ra7 f5+ 66. Kd3 Rc5 67. Rd7+ Ke5 68. c7 Rc1 69. d6 Ke6 70. Rd8 1-0

[Event "Ostrava Konik op-A"]
[Site "Ostrava"]
[Date "2015.05.10"]
[Round "9"]
[White "Vesselovsky, Serguei"]
[Black "Stukner, Simon"]
[Result "1-0"]
[WhiteElo "2353"]
[BlackElo "2108"]
[PlyCount "57"]
[EventDate "2015.05.02"]
[EventType "swiss"]
[EventRounds "9"]
[EventCountry "CZE"]
[SourceTitle "CBM 166 Extra"]
[Source "ChessBase"]
[SourceDate "2015.06.18"]
[SourceVersion "1"]
[SourceVersionDate "2015.06.18"]
[SourceQuality "1"]

1. e4 e5 2. Nf3 Nc6 3. Bb5 Bc5 4. 0-0 Qf6 5. d3 Nge7 6. Bg5 Qg6 7. c3 0-0 8. Bxe7 Bxe7 9. Bxc6 bxc6 10. Nxe5 Qe6 11. Nf3 Rb8 12. Qc2 Qg6 13. Nbd2 d6 14. Nc4 f5 15. Nd4 fxe4 16. dxe4 Bh3 17. f4 Bd7 18. Rae1 c5 19. Nf5 Bxf5 20. exf5 Qf7 21. Re6 Bf6 22. Rfe1 Qd7 23. R1e2 Rfd8 24. Ne3 d5 25. Ng4 d4 26. Nxf6+ gxf6 27. Qd3 Qa4 28. Re7 dxc3 29. Qg3+ 1-0

[Event "Ostrava Konik op-A"]
[Site "Ostrava"]
[Date "2015.05.08"]
[Round "7"]
[White "Marek, Matyas"]
[Black "Stukner, Simon"]
[Result "1-0"]
[WhiteElo "2283"]
[BlackElo "2108"]
[PlyCount "53"]
[EventDate "2015.05.02"]
[EventType "swiss"]
[EventRounds "9"]
[EventCountry "CZE"]
[SourceTitle "CBM 166 Extra"]
[Source "ChessBase"]
[SourceDate "2015.06.18"]
[SourceVersion "1"]
[SourceVersionDate "2015.06.18"]
[SourceQuality "1"]

1. e4 c5 2. Nf3 Nc6 3. d4 cxd4 4. Nxd4 g6 5. c4 Nf6 6. Nc3 d6 7. Be2 Nxd4 8. Qxd4 Bg7 9. Be3 0-0 10. Qd1 Qa5 11. 0-0 Be6 12. Rc1 Rfc8 13. Qb3 Rab8 14. Nd5 Bxd5 15. exd5 Nd7 16. a3 a6 17. Qa2 Qd8 18. b4 a5 19. c5 Nf6 20. Bf3 axb4 21. axb4 h5 22. h3 Qe8 23. Rb1 Nd7 24. Rfc1 Ne5 25. Be2 Ra8 26. Qb3 Ra4 27. c6 1-0

[Event "Ostrava Konik op-A"]
[Site "Ostrava"]
[Date "2015.05.03"]
[Round "2"]
[White "Stukner, Simon"]
[Black "Vojtek, Vladimir"]
[Result "0-1"]
[WhiteElo "2108"]
[BlackElo "2338"]
[PlyCount "40"]
[EventDate "2015.05.02"]
[EventType "swiss"]
[EventRounds "9"]
[EventCountry "CZE"]
[SourceTitle "CBM 166 Extra"]
[Source "ChessBase"]
[SourceDate "2015.06.18"]
[SourceVersion "1"]
[SourceVersionDate "2015.06.18"]
[SourceQuality "1"]

1. e4 c5 2. Nf3 d6 3. d4 cxd4 4. Nxd4 Nf6 5. Nc3 a6 6. Bg5 e6 7. f4 Qb6 8. Nb3 Nc6 9. Qf3 Bd7 10. 0-0-0 Rc8 11. Kb1 Be7 12. Bd3 Qc7 13. Rhe1 h6 14. Qh3 Rg8 15. Bh4 g5 16. e5 dxe5 17. fxe5 Nh5 18. Bf2 Nf4 19. Qxh6 Nxe5 20. Bh7 Ng4 0-1

[Event "CZE-chT2F 1415"]
[Site "Czech Republic"]
[Date "2015.03.29"]
[Round "10.13"]
[White "Zabystrzan, Pavel"]
[Black "Stukner, Simon"]
[Result "1-0"]
[WhiteElo "2248"]
[BlackElo "2121"]
[PlyCount "67"]
[EventDate "2014.11.02"]
[EventType "team-tourn"]
[EventRounds "11"]
[EventCountry "CZE"]
[SourceTitle "EXT 2022"]
[Source "ChessBase"]
[SourceDate "2021.10.06"]
[SourceVersion "1"]
[SourceVersionDate "2021.10.06"]
[SourceQuality "1"]
[WhiteTeam "Havirov Slovan"]
[BlackTeam "Dobra"]
[WhiteTeamCountry "CZE"]
[BlackTeamCountry "CZE"]

1. Nf3 c5 2. g3 Nc6 3. c4 d6 4. Bg2 Bd7 5. Nc3 g6 6. a3 Qc8 7. h3 Bg7 8. Rb1 Nd4 9. e3 Nxf3+ 10. Bxf3 Nf6 11. Bg2 0-0 12. d3 Rb8 13. b4 b5 14. Nxb5 d5 15. Nxa7 Qa6 16. Nb5 dxc4 17. dxc4 Bf5 18. Rb2 Rfc8 19. 0-0 Qe6 20. bxc5 Qxc4 21. Na7 Rd8 22. Rxb8 Rxb8 23. Nc6 Re8 24. Bd2 Ne4 25. Bb4 Nc3 26. Bxc3 Qxc3 27. Qc1 Qf6 28. Nd4 Bc8 29. a4 e5 30. Nb5 Bf8 31. Rd1 Ba6 32. Qc4 Rc8 33. c6 Kg7 34. Rd7 1-0

[Event "CZE-chT1E 1415"]
[Site "Czech Republic"]
[Date "2014.10.19"]
[Round "1.8"]
[White "Mrazek, Lumir"]
[Black "Stukner, Simon"]
[Result "1/2-1/2"]
[WhiteElo "2237"]
[BlackElo "2121"]
[PlyCount "60"]
[EventDate "2014.10.19"]
[EventType "team-tourn"]
[EventRounds "11"]
[EventCountry "CZE"]
[SourceTitle "EXT 2015"]
[Source "ChessBase"]
[SourceDate "2014.11.20"]
[SourceVersion "1"]
[SourceVersionDate "2014.11.20"]
[SourceQuality "1"]
[WhiteTeam "Orlova Slavia"]
[BlackTeam "Beskydy Chess School"]
[WhiteTeamCountry "CZE"]
[BlackTeamCountry "CZE"]

1. e4 c5 2. Nc3 Nc6 3. f4 g6 4. Nf3 Bg7 5. Bb5 Nd4 6. Bc4 d6 7. 0-0 Bd7 8. f5 e6 9. Nxd4 Bxd4+ 10. Kh1 gxf5 11. exf5 Qh4 12. fxe6 fxe6 13. Qf3 0-0-0 14. d3 Nf6 15. Bf4 d5 16. Bb5 Rhf8 17. Bd6 Bxc3 18. Bxd7+ Nxd7 19. Bxf8 Rxf8 20. Qxf8+ Nxf8 21. Rxf8+ Kd7 22. bxc3 Kc6 23. g3 Qa4 24. Rf2 Kd6 25. Re2 Kd7 26. Rae1 Qxa2 27. Rxe6 Qxc2 28. Re7+ Kd8 29. Rxb7 Qxd3 30. Rxa7 h5 1/2-1/2

[Event "Orlova op-A 11th"]
[Site "Orlova"]
[Date "2014.06.01"]
[Round "7"]
[White "Vesselovsky, Serguei"]
[Black "Stukner, Simon"]
[Result "1-0"]
[WhiteElo "2356"]
[BlackElo "2122"]
[PlyCount "43"]
[EventDate "2014.05.26"]
[EventType "swiss"]
[EventRounds "9"]
[EventCountry "CZE"]
[SourceTitle "CBM 160 Extra"]
[Source "ChessBase"]
[SourceDate "2014.07.01"]
[SourceVersion "1"]
[SourceVersionDate "2014.07.01"]
[SourceQuality "1"]

1. e4 c5 2. Nf3 Nc6 3. Nc3 g6 4. d4 cxd4 5. Nxd4 Bg7 6. Be3 Nf6 7. Bc4 0-0 8. Bb3 a6 9. h3 Qc7 10. 0-0 Na5 11. Bg5 Qc5 12. Nf3 d6 13. Qd2 Re8 14. Rfe1 Nxb3 15. cxb3 Be6 16. Rac1 Qa5 17. Nd4 Nd7 18. Bh6 Bh8 19. a3 Qh5 20. Be3 Nc5 21. Nxe6 Nxb3 22. Qc2 1-0

[Event "Orlova op-A 11th"]
[Site "Orlova"]
[Date "2014.05.29"]
[Round "4"]
[White "Stukner, Simon"]
[Black "Dziodzio, Angelika"]
[Result "1/2-1/2"]
[WhiteElo "2122"]
[BlackElo "1948"]
[PlyCount "29"]
[EventDate "2014.05.26"]
[EventType "swiss"]
[EventRounds "9"]
[EventCountry "CZE"]
[SourceTitle "CBM 160 Extra"]
[Source "ChessBase"]
[SourceDate "2014.07.01"]
[SourceVersion "1"]
[SourceVersionDate "2014.07.01"]
[SourceQuality "1"]

1. e4 e5 2. Nf3 Nf6 3. Bc4 Nxe4 4. Nc3 Nf6 5. Nxe5 d5 6. Bb3 Be6 7. d4 h6 8. Bf4 c6 9. Qf3 Bd6 10. h3 Qc7 11. 0-0 Nbd7 12. Nxd7 Nxd7 13. Bxd6 Qxd6 14. Qg3 Qxg3 15. fxg3 1/2-1/2

[Event "CZE-chT2F 1314"]
[Site "Czech Republic"]
[Date "2013.12.15"]
[Round "4.65"]
[White "Novak, Jiri"]
[Black "Stukner, Simon"]
[Result "1-0"]
[WhiteElo "2006"]
[BlackElo "2155"]
[PlyCount "69"]
[EventDate "2013.11.03"]
[EventType "team-tourn"]
[EventRounds "11"]
[EventCountry "CZE"]
[SourceTitle "EXT 2016"]
[Source "ChessBase"]
[SourceDate "2015.10.08"]
[SourceVersion "1"]
[SourceVersionDate "2015.10.08"]
[SourceQuality "1"]
[WhiteTeam "Orlova Slavia II"]
[BlackTeam "Dobra"]
[WhiteTeamCountry "CZE"]
[BlackTeamCountry "CZE"]

1. e4 c5 2. Nf3 Nc6 3. d4 cxd4 4. Nxd4 g6 5. Be3 Bg7 6. Nc3 Nf6 7. f3 0-0 8. Qd2 d5 9. Nxc6 bxc6 10. 0-0-0 Qa5 11. Kb1 Rb8 12. b3 Qa3 13. Qc1 Qb4 14. Bd2 Qd4 15. Ne2 Qb6 16. Be3 Qc7 17. e5 Nd7 18. f4 f6 19. e6 Nb6 20. f5 Nc4 21. Bf4 Ne5 22. g4 a5 23. Nc3 Rb4 24. a3 Rb7 25. Ka2 a4 26. Nxa4 Ra7 27. h3 Bb7 28. Be3 Rfa8 29. Bxa7 Rxa7 30. Qe3 Qb8 31. Rd4 Ra5 32. Rb4 c5 33. Rxb7 Qxb7 34. Nxc5 d4 35. Nxb7 1-0

[Event "CZE-chT1E 1213"]
[Site "Czech Republic"]
[Date "2013.03.17"]
[Round "9.5"]
[White "Karasek, Lukas"]
[Black "Stukner, Simon"]
[Result "1/2-1/2"]
[WhiteElo "2190"]
[BlackElo "2158"]
[PlyCount "21"]
[EventDate "2012.10.21"]
[EventType "team-tourn"]
[EventRounds "11"]
[EventCountry "CZE"]
[SourceTitle "EXT 2014"]
[Source "ChessBase"]
[SourceDate "2013.11.20"]
[SourceVersion "1"]
[SourceVersionDate "2013.11.20"]
[SourceQuality "1"]
[WhiteTeam "Jihlava"]
[BlackTeam "Beskydy Chess School II"]
[WhiteTeamCountry "CZE"]
[BlackTeamCountry "CZE"]

1. Nf3 c5 2. c4 Nc6 3. Nc3 g6 4. g3 Bg7 5. Bg2 d6 6. d3 e5 7. Rb1 Nge7 8. a3 0-0 9. Bd2 f5 10. Qc1 Rb8 11. b4 1/2-1/2

[Event "CZE-chT2F 1213"]
[Site "Czech Republic"]
[Date "2012.12.02"]
[Round "4.16"]
[White "Chlevistan, Jakub"]
[Black "Stukner, Simon"]
[Result "0-1"]
[WhiteElo "2103"]
[BlackElo "2158"]
[PlyCount "64"]
[EventDate "2012.10.14"]
[EventType "team-tourn"]
[EventRounds "11"]
[EventCountry "CZE"]
[SourceTitle "EXT 2016"]
[Source "ChessBase"]
[SourceDate "2015.10.08"]
[SourceVersion "1"]
[SourceVersionDate "2015.10.08"]
[SourceQuality "1"]
[WhiteTeam "Poruba VOKD"]
[BlackTeam "Dobra"]
[WhiteTeamCountry "CZE"]
[BlackTeamCountry "CZE"]

1. Nf3 Nf6 2. c4 b6 3. d4 Bb7 4. g3 Bxf3 5. exf3 e6 6. Bg2 d5 7. 0-0 Be7 8. Nc3 0-0 9. f4 c6 10. Qe2 a5 11. Rd1 Ra7 12. b3 Rd7 13. Be3 Re8 14. Rac1 Bb4 15. Nb1 Bf8 16. g4 g6 17. Bf3 Ne4 18. Bxe4 dxe4 19. c5 bxc5 20. dxc5 f5 21. Nc3 Qh4 22. Kg2 Bg7 23. Na4 Red8 24. Nb6 Rd3 25. h3 e5 26. fxe5 Bxe5 27. Rxd3 Rxd3 28. Nc4 Bc7 29. gxf5 gxf5 30. Rg1 f4 31. Kf1+ Kf7 32. Qb2 Rd1+ 0-1

[Event "CZE-chT2F 1213"]
[Site "Czech Republic"]
[Date "2012.11.04"]
[Round "2.16"]
[White "Valencik, Jozef"]
[Black "Stukner, Simon"]
[Result "1-0"]
[WhiteElo "1902"]
[BlackElo "2158"]
[PlyCount "79"]
[EventDate "2012.10.14"]
[EventType "team-tourn"]
[EventRounds "11"]
[EventCountry "CZE"]
[SourceTitle "EXT 2016"]
[Source "ChessBase"]
[SourceDate "2015.10.08"]
[SourceVersion "1"]
[SourceVersionDate "2015.10.08"]
[SourceQuality "1"]
[WhiteTeam "Havirov Slovan"]
[BlackTeam "Dobra"]
[WhiteTeamCountry "CZE"]
[BlackTeamCountry "CZE"]

1. e4 c5 2. c3 d6 3. d4 Nf6 4. f3 Nbd7 5. Be3 Qc7 6. Bd3 g6 7. Ne2 Bg7 8. Qd2 0-0 9. g4 Nb6 10. Na3 Bd7 11. h4 Rfc8 12. h5 Qd8 13. hxg6 fxg6 14. 0-0-0 cxd4 15. Nxd4 Qf8 16. Rdg1 Qf7 17. Kb1 Bf8 18. Bh6 e5 19. Nf5 Be6 20. Bxf8 Qxf8 21. g5 Ne8 22. Qh2 Rc7 23. Nh6+ Kh8 24. Qg3 Qf4 25. Qf2 Na4 26. Rh4 Qf8 27. Bb5 Nc5 28. Rgh1 a6 29. Be2 Rd8 30. Qg3 Rg7 31. Nc4 d5 32. Nxe5 dxe4 33. fxe4 Rd2 34. Qe3 Qd6 35. Nc4 Bxc4 36. Bxc4 Na4 37. Nf7+ Rxf7 38. Bxf7 Rd1+ 39. Kc2 Rxh1 40. Rxh1 1-0

[Event "CZE-chT1E 1213"]
[Site "Czech Republic"]
[Date "2012.10.21"]
[Round "1.5"]
[White "Stukner, Simon"]
[Black "Nepomucky, Ondrej"]
[Result "0-1"]
[WhiteElo "2158"]
[BlackElo "2266"]
[PlyCount "104"]
[EventDate "2012.10.21"]
[EventType "team-tourn"]
[EventRounds "11"]
[EventCountry "CZE"]
[SourceTitle "EXT 2013"]
[Source "ChessBase"]
[SourceDate "2012.11.22"]
[SourceVersion "1"]
[SourceVersionDate "2012.11.22"]
[SourceQuality "1"]
[WhiteTeam "Beskydy Chess School II"]
[BlackTeam "Brno Duras"]
[WhiteTeamCountry "CZE"]
[BlackTeamCountry "CZE"]

1. e4 d5 2. exd5 Qxd5 3. Nc3 Qd6 4. Bc4 Nf6 5. d3 a6 6. h3 g6 7. Qf3 Bg7 8. Bf4 e5 9. Bg5 0-0 10. 0-0-0 Nc6 11. Nge2 Nd4 12. Nxd4 exd4 13. Ne4 Nxe4 14. Qxe4 Be6 15. Bf4 Qb6 16. Bxe6 Qxe6 17. Kb1 Qxe4 18. dxe4 c5 19. Bd6 Rfc8 20. Rhe1 Rc6 21. Bg3 Rd8 22. f4 Re8 23. e5 f6 24. exf6 Rxe1 25. Rxe1 Bxf6 26. Kc1 Kf7 27. Kd2 c4 28. b3 b5 29. Bf2 d3 30. Rc1 cxb3 31. cxb3 Rxc1 32. Kxc1 Bc3 33. Be3 Ke6 34. g4 Kd5 35. Bd2 Bd4 36. Kd1 Ke4 37. Ke1 Bc5 38. a4 bxa4 39. bxa4 Bd6 40. f5 gxf5 41. gxf5 Kxf5 42. Kf2 Ke4 43. Bc3 Bf4 44. Ba5 Bg5 45. Ke1 Kf3 46. Bc7 h5 47. Kd1 Kf2 48. h4 Bxh4 49. Kd2 Bg3 50. Bd8 h4 51. Bxh4 Bxh4 52. Kxd3 a5 0-1

[Event "CZE-chT2F 1213"]
[Site "Czech Republic"]
[Date "2012.10.14"]
[Round "1.16"]
[White "Stukner, Simon"]
[Black "Zalesky, Karel"]
[Result "0-1"]
[WhiteElo "2158"]
[BlackElo "2137"]
[PlyCount "108"]
[EventDate "2012.10.14"]
[EventType "team-tourn"]
[EventRounds "11"]
[EventCountry "CZE"]
[SourceTitle "EXT 2016"]
[Source "ChessBase"]
[SourceDate "2015.10.08"]
[SourceVersion "1"]
[SourceVersionDate "2015.10.08"]
[SourceQuality "1"]
[WhiteTeam "Dobra"]
[BlackTeam "Opava KVS"]
[WhiteTeamCountry "CZE"]
[BlackTeamCountry "CZE"]

1. e4 c6 2. d4 d5 3. Nd2 dxe4 4. Nxe4 Nd7 5. Bc4 Ngf6 6. Ng5 e6 7. Qe2 Nb6 8. Bb3 h6 9. N5f3 a5 10. c3 a4 11. Bc2 a3 12. b4 Nbd5 13. Bd2 b6 14. Rb1 c5 15. dxc5 bxc5 16. b5 Qc7 17. Ne5 Bd6 18. Ngf3 Nd7 19. Nc4 Bf4 20. 0-0 Bb7 21. Rb3 N7b6 22. Nxb6 Nxb6 23. Be4 Bxd2 24. Nxd2 Bxe4 25. Qxe4 c4 26. Rb4 Rc8 27. Nb1 0-0 28. Nxa3 Rfd8 29. Rfb1 Rd3 30. Nxc4 Rxc3 31. Ne3 Rc1+ 32. Nf1 Nd5 33. Rxc1 Qxc1 34. Rb1 Qa3 35. b6 Qxa2 36. b7 Rb8 37. g3 Qa7 38. Qc2 Nb6 39. Qc7 Rxb7 40. Qd8+ Kh7 41. Qd3+ g6 42. Ne3 Nd5 43. Rxb7 Qxb7 44. Ng4 Qb4 45. h3 Qe1+ 46. Kg2 h5 47. Nh2 Nb4 48. Qc4 Nd5 49. Nf3 Qc3 50. Qe4 Qf6 51. Qd3 h4 52. Qe4 hxg3 53. Kxg3 Kg7 54. Qg4 Ne7 0-1